[Event "2.BLO 1516 Bindl Aktionär - Nickelhütte"]
[Site "?"]
[Date "2015.09.20"]
[Round "2.7"]
[White "Londyn, Radek"]
[Black "Havlikova, Kristyna"]
[Result "1/2-1/2"]
[WhiteElo "2381"]
[BlackElo "2335"]
[PlyCount "120"]
[EventDate "2015.??.??"]

1. Nf3 g6 2. c4 Bg7 3. Nc3 c5 4. e3 Nf6 5. d4 cxd4 6. exd4 O-O 7. Bg5 d6 8. Be2
Re8 9. O-O Nbd7 10. Re1 a6 11. Bf1 Nf8 12. Qd2 Bg4 13. Be2 Rc8 14. h3 Bxf3 15.
Bxf3 Rxc4 16. Bxb7 Qb6 17. Bxf6 Qxb7 18. Bxg7 Kxg7 19. b3 Rc7 20. Re3 Nd7 21.
Rae1 Nf6 22. Ne4 Nxe4 23. Rxe4 Qd5 24. Rh4 h5 25. Rhe4 a5 26. R4e3 e6 27. Rg3
e5 28. Rd3 e4 29. Rg3 Re6 30. Qe3 Rc2 31. Rg5 Qa8 32. a4 d5 33. Rc1 Rec6 34.
Rxc2 Rxc2 35. Qg3 Rc1+ 36. Kh2 Qd8 37. Rxh5 f6 38. Rh4 Qc7 39. Rg4 Qxg3+ 40.
Rxg3 Rc2 41. Kg1 Rc1+ 42. Kh2 f5 43. b4 axb4 44. Rb3 Rc2 45. Rxb4 Rxf2 46. a5
Ra2 47. Kg3 g5 48. a6 Rxa6 49. Rb5 Ra2 50. Rxd5 Kg6 51. Rd6+ Kh5 52. Re6 Rd2
53. Re5 f4+ 54. Kh2 Rxd4 55. g3 fxg3+ 56. Kxg3 Rd3+ 57. Kg2 e3 58. Re6 Rd2+ 59.
Kg3 e2 60. Kf2 Rd3 1/2-1/2

[Event "2.BLO 1516 Bindl Aktionär - Nickelhütte"]
[Site "?"]
[Date "2015.09.20"]
[Round "2.8"]
[White "Delitzsch, Juergen"]
[Black "Cerveny, Martin"]
[Result "0-1"]
[WhiteElo "2276"]
[BlackElo "2408"]
[PlyCount "114"]
[EventDate "2015.??.??"]

1. d4 d5 2. c4 c6 3. Nf3 Nf6 4. Nc3 dxc4 5. a4 Bf5 6. e3 e6 7. Bxc4 Bb4 8. O-O
O-O 9. Qb3 Qe7 10. Bd2 a5 11. Rfe1 Bg6 12. Ne5 Rd8 13. Rad1 c5 14. Nb5 Bxd2 15.
Rxd2 Nc6 16. Nxg6 hxg6 17. f3 cxd4 18. exd4 Nb4 19. Nc3 Rac8 20. Kh1 Qc7 21.
Bf1 Qf4 22. Qd1 Nfd5 23. g3 Qc7 24. Ne4 Nc2 25. Ree2 Nce3 26. Qe1 Qc1 27. Nc5
Qxe1 28. Rxe1 b6 29. Ne4 Rc2 30. Bd3 Rxd2 31. Nxd2 Nf5 32. Bxf5 gxf5 33. Rc1
Nb4 34. Rc4 e5 35. Nb3 Nd3 36. Rc6 Nxb2 37. Rxb6 exd4 38. Rb5 d3 39. Nd2 Nxa4
40. Rxa5 Nc3 41. Ra3 Nd1 42. Kg1 g6 43. Kf1 Ne3+ 44. Kf2 Nc2 45. Rc3 g5 46. h4
f6 47. h5 g4 48. Rb3 Kh7 49. Rb7+ Kh6 50. fxg4 fxg4 51. Re7 Kxh5 52. Re4 f5 53.
Re6 Kg5 54. Kg1 Nd4 55. Re1 Nf3+ 56. Nxf3+ gxf3 57. Kf2 d2 0-1

[Event "2.BLO 1516 SG Leipzig - SK Göggingen"]
[Site "?"]
[Date "2015.09.20"]
[Round "2.1"]
[White "Rozentalis, Eduardas"]
[Black "Voigt, Roland"]
[Result "1-0"]
[WhiteElo "2528"]
[BlackElo "2457"]
[PlyCount "95"]
[EventDate "2015.??.??"]

1. e4 d6 2. d4 Nf6 3. Nc3 g6 4. Nf3 Bg7 5. Be2 O-O 6. O-O Nc6 7. d5 Nb8 8. a4
e5 9. a5 a6 10. Ne1 Kh8 11. Nd3 Nbd7 12. f3 Ng8 13. Na4 f5 14. c4 Ndf6 15. Nc3
c5 16. dxc6 bxc6 17. c5 d5 18. exf5 Qe7 19. fxg6 Bf5 20. gxh7 Bxh7 21. Na4 e4
22. Nf4 Nh6 23. Ra3 Rae8 24. fxe4 Nxe4 25. Rh3 Qf6 26. Nh5 Qd4+ 27. Be3 Rxf1+
28. Kxf1 Qxd1+ 29. Bxd1 Nf5 30. Nxg7 Kxg7 31. Bc1 Nd4 32. b4 Rb8 33. Nb6 Rf8+
34. Ke1 Rf2 35. Be3 Nc2+ 36. Bxc2 Rxc2 37. Bd4+ Kg8 38. Nc8 Rc4 39. Ne7+ Kf8
40. Rxh7 Rxd4 41. Nxc6 Rd3 42. b5 Nxc5 43. b6 Rb3 44. Rh5 Rb1+ 45. Kd2 Ne4+ 46.
Kc2 Rb5 47. Nd4 Rc5+ 48. Kb2 1-0

[Event "2.BLO 1516 SG Leipzig - SK Göggingen"]
[Site "?"]
[Date "2015.09.20"]
[Round "2.2"]
[White "Langrock, Hannes"]
[Black "Nestorovic, Nikola"]
[Result "1/2-1/2"]
[WhiteElo "2398"]
[BlackElo "2449"]
[PlyCount "61"]
[EventDate "2015.??.??"]

1. d4 Nf6 2. c4 c5 3. d5 b5 4. cxb5 a6 5. bxa6 g6 6. Nc3 Bg7 7. g3 d6 8. Bg2
Bxa6 9. Nf3 Nbd7 10. Rb1 Nb6 11. b3 Bc8 12. Nh4 O-O 13. O-O Bb7 14. Bb2 Qd7 15.
Qd2 Ne8 16. Nf3 Nc7 17. Ne1 Na6 18. Nc2 Rfc8 19. h4 Nb4 20. Nxb4 cxb4 21. Na4
Nxa4 22. Bxg7 Nc3 23. Bxc3 bxc3 24. Qc2 Ra3 25. Rfd1 Ba6 26. Be4 Qa7 27. Ra1
Qc5 28. Bd3 Bxd3 29. Rxd3 Qa5 30. Rd4 h5 31. Kg2 1/2-1/2

[Event "2.BLO 1516 SG Leipzig - SK Göggingen"]
[Site "?"]
[Date "2015.09.20"]
[Round "2.3"]
[White "Stankovic, Milos"]
[Black "Richter, Leonard"]
[Result "1/2-1/2"]
[WhiteElo "2429"]
[BlackElo "2281"]
[PlyCount "84"]
[EventDate "2015.??.??"]

1. e4 c5 2. Nf3 d6 3. d4 cxd4 4. Nxd4 Nf6 5. Nc3 a6 6. Be2 e5 7. Nb3 Be7 8. g4
Be6 9. g5 Nfd7 10. Bg4 Nc6 11. Bxe6 fxe6 12. Be3 Nc5 13. Qg4 Nxb3 14. axb3 d5
15. Qxe6 d4 16. g6 hxg6 17. Rg1 Kf8 18. O-O-O Qd6 19. Qg4 Nb4 20. Bg5 Bxg5+ 21.
Qxg5 Qc7 22. Qxg6 dxc3 23. bxc3 Nc6 24. Rd3 Kg8 25. Qe6+ Qf7 26. Rxg7+ Kxg7 27.
Rd7 Raf8 28. Qg4+ Kh6 29. Rxf7 Rxf7 30. h4 Rhf8 31. Qg5+ Kh7 32. Qh5+ Kg8 33.
Kb2 Rg7 34. f3 Rff7 35. b4 Rg3 36. c4 Rgxf3 37. Qg4+ Kf8 38. Qc8+ Kg7 39. Qg4+
Kh7 40. Qh5+ Kg7 41. Qg4+ Kf8 42. Qc8+ Kg7 1/2-1/2

[Event "2.BLO 1516 SG Leipzig - SK Göggingen"]
[Site "?"]
[Date "2015.09.20"]
[Round "2.4"]
[White "Rausch, Stephan"]
[Black "Arnaudov, G. Petar"]
[Result "1/2-1/2"]
[WhiteElo "2279"]
[BlackElo "2480"]
[PlyCount "74"]
[EventDate "2015.??.??"]

1. d4 g6 2. g3 c5 3. dxc5 Bg7 4. Bg2 Na6 5. Nf3 Nxc5 6. c3 d6 7. Nbd2 Nf6 8.
Nb3 Ncd7 9. O-O O-O 10. Qc2 Qc7 11. Bg5 h6 12. Bf4 e5 13. Bd2 b6 14. Qc1 Kh7
15. Nxe5 Nxe5 16. Bxa8 d5 17. Bf4 Ba6 18. Bc6 Bxe2 19. Bxe5 Qxe5 20. Re1 Qh5
21. h4 Bg4 22. Bb5 Ne4 23. Nd2 f5 24. Bf1 f4 25. Nxe4 dxe4 26. Rxe4 fxg3 27.
fxg3 Rf3 28. Qe1 Qc5+ 29. Kg2 Qf5 30. Rxg4 Qxg4 31. Be2 Rxg3+ 32. Qxg3 Qxe2+
33. Qf2 Qe4+ 34. Kg1 Qg4+ 35. Kf1 Qc4+ 36. Kg1 Qg4+ 37. Kf1 Qc4+ 1/2-1/2

[Event "2.BLO 1516 SG Leipzig - SK Göggingen"]
[Site "?"]
[Date "2015.09.20"]
[Round "2.5"]
[White "Pitl, Gregory"]
[Black "Liedtke, Matthias"]
[Result "1/2-1/2"]
[WhiteElo "2394"]
[BlackElo "2294"]
[PlyCount "106"]
[EventDate "2015.??.??"]

1. d4 c5 2. d5 d6 3. c4 g6 4. e4 Bg7 5. Bd3 e6 6. h3 Ne7 7. Nc3 exd5 8. cxd5 a6
9. Nf3 O-O 10. O-O Nd7 11. Bf4 Qc7 12. a4 h6 13. Rc1 g5 14. Bh2 Ng6 15. b4 c4
16. Ne2 b5 17. Nfd4 Nde5 18. Bb1 Bd7 19. a5 Qa7 20. Nf5 Bxf5 21. exf5 Nh4 22.
Kh1 Rfe8 23. Ng3 Qd7 24. f4 Nd3 25. Bxd3 cxd3 26. Qxd3 Qe7 27. Nh5 Qe2 28. Qxe2
Rxe2 29. fxg5 Nxg2 30. Rg1 Bb2 31. Rc7 Nh4 32. gxh6+ Kh8 33. Bxd6 Rd8 34. Ng3
Rd2 35. Be7 Nf3 36. Nf1 R8xd5 37. Rc8+ Kh7 38. Rg3 Rf2 39. Bc5 Rxf1+ 40. Kg2
Rfd1 41. Rxf3 R1d2+ 42. Bf2 Bd4 43. Rc6 Bxf2 44. Rxf2 Rxf2+ 45. Kxf2 Rxf5+ 46.
Kg3 Rd5 47. Rxa6 Rd4 48. Rf6 Rxb4 49. Rxf7+ Kxh6 50. a6 Ra4 51. a7 b4 52. Kf3
b3 53. Rb7 b2 1/2-1/2

[Event "2.BLO 1516 SG Leipzig - SK Göggingen"]
[Site "?"]
[Date "2015.09.20"]
[Round "2.6"]
[White "Boehnisch, Manfred"]
[Black "Rooze, Jan"]
[Result "0-1"]
[WhiteElo "2295"]
[BlackElo "2301"]
[PlyCount "96"]
[EventDate "2015.??.??"]

1. e4 c5 2. Nf3 e6 3. g3 Nc6 4. Bg2 Nf6 5. Qe2 d6 6. O-O Be7 7. Rd1 Bd7 8. b3
O-O 9. Bb2 a6 10. d4 cxd4 11. Nxd4 Qc7 12. c4 Rad8 13. Nc3 Rfe8 14. Nc2 Qb8 15.
h3 Rc8 16. Rd2 Ne5 17. f4 Ng6 18. a4 Bc6 19. Rad1 Red8 20. Kh2 Nd7 21. h4 Nc5
22. h5 Nf8 23. Na1 Bf6 24. Qe3 e5 25. fxe5 Bxe5 26. Nd5 Re8 27. Bxe5 Rxe5 28.
Qf3 b5 29. axb5 axb5 30. Rf1 Qb7 31. Rdf2 Nxe4 32. Qxf7+ Qxf7 33. Rxf7 Bxd5 34.
cxd5 Rxh5+ 35. Kg1 Nxg3 36. R1f3 Rc1+ 37. Kf2 Ne4+ 38. Ke3 Nf6 39. Ra7 Re5+ 40.
Kd2 Ree1 41. Rg3 Ng6 42. Nc2 Red1+ 43. Ke2 Nf4+ 44. Kf3 N4h5 45. Ne3 Rd3 46.
Rh3 Rcc3 47. Ra8+ Kf7 48. Ra7+ Kg6 0-1

[Event "2.BLO 1516 SG Leipzig - SK Göggingen"]
[Site "?"]
[Date "2015.09.20"]
[Round "2.7"]
[White "Kukov, Velislav"]
[Black "Schunk, Thomas"]
[Result "1/2-1/2"]
[WhiteElo "2363"]
[BlackElo "2187"]
[PlyCount "230"]
[EventDate "2015.??.??"]

1. d4 Nf6 2. Bg5 Ne4 3. Bf4 d5 4. e3 c6 5. Bd3 Nd6 6. Nd2 g6 7. h3 Bg7 8. Ngf3
O-O 9. O-O Nd7 10. c3 Re8 11. Ne5 Nf8 12. e4 dxe4 13. Nxe4 Nxe4 14. Bxe4 Be6
15. Re1 a5 16. Qc2 Qc8 17. Nd3 Bd5 18. Be5 Bh6 19. Bf4 Bg7 20. Be5 Bh6 21. Re2
Ne6 22. Ree1 a4 23. Nb4 Bxe4 24. Rxe4 Ra5 25. Nd3 Rd8 26. Bg3 Bg7 27. Be5 Bh6
28. Bg3 Bg7 29. Qe2 Bf6 30. Be5 Ng7 31. Nc5 b6 32. Nd3 Ne6 33. Bxf6 exf6 34.
Nf4 Ng7 35. Nd3 Ne6 36. Nf4 Ng7 37. Qc4 Nf5 38. Qe2 Nd6 39. Re7 Rf5 40. Nd3 Ra5
41. Nb4 c5 42. dxc5 Rxc5 43. Qf3 Nf5 44. Ra7 Kg7 45. Rxa4 Qd7 46. Ra6 Qd2 47.
Qe2 Qd6 48. Rf1 h5 49. Ra7 Qf4 50. Qe6 Nh6 51. Qxb6 Rg5 52. Qe3 Qc4 53. b3 Qb5
54. Qe7 Re8 55. Qd7 Qe2 56. Qd3 Qe6 57. Ra6 Qc8 58. f4 Rc5 59. Qd4 Rxc3 60.
Qxf6+ Kh7 61. Rc6 Rxc6 62. Qxc6 Qd8 63. Nd5 Re6 64. Qc4 Rd6 65. Nc3 Rd4 66. Qe2
Rd2 67. Qe5 f6 68. Qc5 Nf5 69. Rf2 Rd3 70. Ne4 Kg7 71. Qa7+ Rd7 72. Rd2 Rxa7
73. Rxd8 Rxa2 74. Rd7+ Kf8 75. Nxf6 Ne3 76. Nh7+ Kg8 77. Nf6+ Kf8 78. Nh7+ Kg8
79. Nf6+ Kf8 80. g4 Rg2+ 81. Kh1 Rg3 82. Nh7+ Ke8 83. Nf6+ Kf8 84. gxh5 Rxh3+
85. Kg1 Nf5 86. Nh7+ Ke8 87. Nf6+ Kf8 88. hxg6 Rg3+ 89. Kf2 Rxg6 90. Nd5 Rc6
91. Rb7 Rc5 92. Nf6 Rc3 93. b4 Nd4 94. Nd7+ Ke8 95. Ne5 Rb3 96. Kg2 Kf8 97.
Ng6+ Ke8 98. Ne5 Kf8 99. Nd7+ Ke8 100. Nc5 Rc3 101. Ne4 Rb3 102. Nd6+ Kd8 103.
f5 Rd3 104. f6 Ne6 105. Ne4 Nf4+ 106. Kf1 Ng6 107. Kf2 Ne5 108. Ke2 Rb3 109.
Nd6 Rb2+ 110. Kd1 Rf2 111. Ne4 Rf4 112. Nc5 Rxf6 113. Kc2 Rf3 114. Rh7 Kc8 115.
b5 Nc4 1/2-1/2

[Event "2.BLO 1516 SG Leipzig - SK Göggingen"]
[Site "?"]
[Date "2015.09.20"]
[Round "2.8"]
[White "Gempe, Thomas"]
[Black "Hausner, Ivan"]
[Result "1-0"]
[WhiteElo "2196"]
[BlackElo "2335"]
[PlyCount "60"]
[EventDate "2015.??.??"]

1. d4 e6 2. c4 b6 3. Nf3 Bb7 4. g3 Nf6 5. Bg2 Be7 6. O-O O-O 7. d5 exd5 8. Nh4
c6 9. cxd5 Nxd5 10. Nf5 Bc5 11. e4 Ne7 12. Nxg7 Kxg7 13. b4 Bxb4 14. Qd4+ f6
15. Qxb4 c5 16. Qd2 Nbc6 17. Bb2 Ng6 18. f4 Qe7 19. Re1 Nd4 20. Na3 Ba6 21. Nc2
Nxc2 22. Qxc2 Rad8 23. e5 f5 24. Rad1 Kh6 25. Rd6 Rde8 26. Red1 Bb5 27. h4 Qf7
28. Bd5 Re6 29. Qb3 Rxd6 30. Bxf7 Rxd1+ 1-0

[Event "2.BLO 1516 AE Magdeburg - SC Forchheim"]
[Site "?"]
[Date "2015.09.20"]
[Round "2.1"]
[White "Jirovsky, Milos"]
[Black "Heinemann, Josefine"]
[Result "1/2-1/2"]
[WhiteElo "2456"]
[BlackElo "2244"]
[PlyCount "32"]
[EventDate "2015.??.??"]

1. Nf3 Nf6 2. c4 c5 3. g3 g6 4. Bg2 Bg7 5. d4 cxd4 6. Nxd4 Nc6 7. O-O O-O 8.
Nc3 a6 9. c5 Nxd4 10. Qxd4 d6 11. cxd6 Ne8 12. Qh4 Nxd6 13. Rd1 Bd7 14. e4 Bc6
15. Be3 Re8 16. Bc5 Qa5 1/2-1/2

[Event "2.BLO 1516 AE Magdeburg - SC Forchheim"]
[Site "?"]
[Date "2015.09.20"]
[Round "2.2"]
[White "Andre, Gordon"]
[Black "Jansa, Vlastimil"]
[Result "1/2-1/2"]
[WhiteElo "2257"]
[BlackElo "2465"]
[PlyCount "89"]
[EventDate "2015.??.??"]

1. d4 d6 2. e4 Nf6 3. f3 c5 4. Ne2 cxd4 5. Nxd4 Nc6 6. c4 e6 7. Nc3 Be7 8. Nc2
O-O 9. Be2 b6 10. O-O Bb7 11. b3 Rc8 12. Ne3 a6 13. Bb2 b5 14. cxb5 Qb6 15.
bxc6 Qxe3+ 16. Kh1 Rxc6 17. Bc4 Nd7 18. f4 Nf6 19. Rf3 Qb6 20. Qe2 Rfc8 21. Rg3
Bf8 22. Rd1 Qc7 23. Nd5 exd5 24. Bxf6 g6 25. exd5 Rxc4 26. bxc4 Qxc4 27. Qxc4
Rxc4 28. Rf3 Bxd5 29. Rf2 Be4 30. Rb2 Rc8 31. h3 d5 32. Kh2 h5 33. Rdd2 Ba3 34.
Rb6 Bc1 35. Re2 Bxf4+ 36. g3 Bc7 37. Rb7 Bd8 38. Bxd8 Rxd8 39. Reb2 Kg7 40. Rb8
Rd7 41. R2b7 Rd6 42. Rb6 Rd7 43. R8b7 Rd8 44. Rb8 Rd7 45. R8b7 1/2-1/2

[Event "2.BLO 1516 AE Magdeburg - SC Forchheim"]
[Site "?"]
[Date "2015.09.20"]
[Round "2.3"]
[White "Seyb, Alexander"]
[Black "Woellermann, Jan"]
[Result "1-0"]
[WhiteElo "2428"]
[BlackElo "2312"]
[PlyCount "59"]
[EventDate "2015.??.??"]

1. e4 e5 2. Nf3 Nc6 3. Bb5 a6 4. Ba4 Nf6 5. O-O Be7 6. Re1 b5 7. Bb3 d6 8. a4
Bg4 9. c3 O-O 10. d3 Na5 11. Bc2 b4 12. Nbd2 c5 13. cxb4 cxb4 14. h3 Bd7 15.
Nb3 Re8 16. d4 exd4 17. Nbxd4 Nc4 18. Bb3 Ne5 19. Bg5 h6 20. Nxe5 dxe5 21. Bxf6
Bxf6 22. Nc2 a5 23. Ne3 Be7 24. Qh5 Rf8 25. Rad1 Bg5 26. Nf5 Ra6 27. h4 g6 28.
Nxh6+ Bxh6 29. Qxh6 Qe7 30. h5 1-0

[Event "2.BLO 1516 AE Magdeburg - SC Forchheim"]
[Site "?"]
[Date "2015.09.20"]
[Round "2.4"]
[White "Melamed, Tatjana"]
[Black "Rupprecht, Andreas"]
[Result "1/2-1/2"]
[WhiteElo "2296"]
[BlackElo "2423"]
[PlyCount "36"]
[EventDate "2015.??.??"]

1. e4 c6 2. d4 d5 3. Nd2 dxe4 4. Nxe4 Nf6 5. Nxf6+ gxf6 6. Nf3 Bf5 7. Bd3 Bg6
8. Bf4 e6 9. O-O Bd6 10. Bg3 O-O 11. Qd2 Bxg3 12. hxg3 Nd7 13. Rfe1 Re8 14.
Rad1 b5 15. Qh6 Qe7 16. d5 cxd5 17. Bxb5 Red8 18. Rxd5 Qb4 1/2-1/2

[Event "2.BLO 1516 AE Magdeburg - SC Forchheim"]
[Site "?"]
[Date "2015.09.20"]
[Round "2.5"]
[White "Heidrich, Manfred"]
[Black "Paul, Johannes"]
[Result "0-1"]
[WhiteElo "2348"]
[BlackElo "2263"]
[PlyCount "120"]
[EventDate "2015.??.??"]

1. f4 Nf6 2. Nf3 c5 3. g3 d5 4. Bg2 Nc6 5. d3 g6 6. O-O Bg7 7. Nc3 d4 8. Ne4
Nxe4 9. dxe4 O-O 10. e3 e5 11. Qe2 Qe7 12. Ne1 b6 13. f5 Bb7 14. Qf2 f6 15. Bf3
c4 16. Bd2 b5 17. Ng2 g5 18. h4 h6 19. Rfd1 Rfd8 20. Ne1 a5 21. Bg2 Bf8 22.
hxg5 hxg5 23. Nf3 d3 24. cxd3 Rxd3 25. Bf1 Nd8 26. Bxd3 cxd3 27. Ne1 Bxe4 28.
Bc1 Qh7 29. Qh2 Qxf5 30. Qf2 Qh7 31. Qh2 Qg6 32. g4 Ne6 33. Bd2 Qe8 34. Kf2 Ra7
35. Nf3 Rh7 36. Qg3 Nc5 37. Rh1 Bb7 38. Qg2 Ne4+ 39. Ke1 Rc7 40. Qh3 Bg7 41.
Bxa5 Qe7 42. a3 Rc2 43. Qh7+ Kf7 44. Qh5+ Ke6 45. Rh2 Ng3 46. Qh3 Qc5 47. Nxg5+
fxg5 48. Qxg3 Rc1+ 49. Rxc1 Qxc1+ 50. Kf2 d2 51. Bxd2 Qxd2+ 52. Kf1 Qd1+ 53.
Qe1 Qxg4 54. Qc3 Qd1+ 55. Kf2 g4 56. e4 Bxe4 57. Qc8+ Kf6 58. Qc3 Qf3+ 59.
Qxf3+ Bxf3 60. b3 e4 0-1

[Event "2.BLO 1516 AE Magdeburg - SC Forchheim"]
[Site "?"]
[Date "2015.09.20"]
[Round "2.6"]
[White "Schoene, Maria"]
[Black "Ott, Florian"]
[Result "0-1"]
[WhiteElo "2278"]
[BlackElo "2273"]
[PlyCount "66"]
[EventDate "2015.??.??"]

1. e4 c5 2. Nf3 d6 3. d4 cxd4 4. Nxd4 Nf6 5. Nc3 a6 6. Be3 e5 7. Nb3 Be7 8. h3
O-O 9. g4 Be6 10. Bg2 a5 11. a4 Na6 12. g5 Nd7 13. Qd2 Nb4 14. O-O-O Nb6 15.
Bf1 Rc8 16. Kb1 d5 17. Bxb6 Qxb6 18. exd5 Bf5 19. Na1 Bc5 20. Bb5 Rfd8 21. Qe2
Bd4 22. Qf3 Qg6 23. Qe2 Bxc3 24. bxc3 Rxc3 25. Rd2 Qd6 26. Bc4 b5 27. axb5 Qc5
28. Bb3 a4 29. Bxa4 Ra3 30. Qxe5 Rxa4 31. Qxf5 Rxa1+ 32. Kxa1 Qc3+ 33. Kb1 Ra8
0-1

[Event "2.BLO 1516 AE Magdeburg - SC Forchheim"]
[Site "?"]
[Date "2015.09.20"]
[Round "2.7"]
[White "Doeres, Hans-Juergen"]
[Black "Hansch, Karsten"]
[Result "1/2-1/2"]
[WhiteElo "2208"]
[BlackElo "2251"]
[PlyCount "57"]
[EventDate "2015.??.??"]

1. e4 c6 2. d3 d5 3. Nd2 g6 4. Ngf3 Bg7 5. c3 Nd7 6. exd5 cxd5 7. d4 Ngf6 8.
Bd3 Qc7 9. O-O O-O 10. Re1 Re8 11. Nb3 Nh5 12. Bd2 Nb6 13. Na5 Bd7 14. c4 dxc4
15. Rc1 Rac8 16. b3 c3 17. Rxc3 Qb8 18. Rxc8 Nxc8 19. Nc4 Nd6 20. Bb4 Nf4 21.
Nxd6 exd6 22. Rxe8+ Bxe8 23. Bc4 d5 24. Bf1 Ne6 25. Qd2 Qf4 26. Qxf4 Nxf4 27.
Bd6 Ne6 28. Be5 f6 29. Bb8 1/2-1/2

[Event "2.BLO 1516 AE Magdeburg - SC Forchheim"]
[Site "?"]
[Date "2015.09.20"]
[Round "2.8"]
[White "Hansch, Stephan"]
[Black "Huemmer, Bernd"]
[Result "1/2-1/2"]
[WhiteElo "2156"]
[BlackElo "2169"]
[PlyCount "26"]
[EventDate "2015.??.??"]

1. d4 d6 2. c4 e5 3. Nc3 exd4 4. Qxd4 Nc6 5. Qd2 Nf6 6. b3 a5 7. Bb2 a4 8. Rd1
axb3 9. axb3 Be6 10. Nf3 g6 11. e4 Bg7 12. Bd3 O-O 13. O-O Bg4 1/2-1/2

[Event "2.BLO 1516 Nickelhütte Aue - SG Leipzi"]
[Site "?"]
[Date "2015.12.12"]
[Round "5.1"]
[White "Voigt, Roland"]
[Black "Papp, Gabor"]
[Result "1/2-1/2"]
[WhiteElo "2448"]
[BlackElo "2608"]
[PlyCount "194"]
[EventDate "2015.??.??"]

1. e4 e5 2. Nf3 Nc6 3. Bb5 a6 4. Ba4 Nf6 5. Qe2 b5 6. Bb3 Bc5 7. d3 O-O 8. Bg5
h6 9. Bh4 Be7 10. O-O d6 11. c3 Nh5 12. Bg3 Na5 13. Bc2 c5 14. Rd1 Nxg3 15.
hxg3 Bf6 16. Nbd2 g6 17. Nf1 Bg7 18. Ne3 Be6 19. g4 Qe7 20. g3 Rad8 21. Nh4 d5
22. exd5 Bxd5 23. Nxd5 Rxd5 24. Nf3 Rfd8 25. Re1 Qd7 26. Qe4 c4 27. dxc4 Nxc4
28. Bb3 f5 29. gxf5 gxf5 30. Qe2 Kh7 31. Bxc4 bxc4 32. Qxc4 Qb7 33. Nh4 e4 34.
Rab1 Qb6 35. Re2 Rc5 36. Qb3 Rb5 37. Qc4 Rc5 38. Qb3 Rb5 39. Qc4 Rd3 40. Kh2
Rdd5 41. Ng2 Rdc5 42. Qf7 Rc7 43. Qe8 Rxc3 44. Rd1 Qc6 45. Qd8 Rc2 46. Rxc2
Qxc2 47. Rd2 Qc5 48. Qd7 Qe5 49. b3 Rc5 50. Rd6 e3 51. fxe3 Rc2 52. Rd2 Rc7 53.
Qd3 Rc1 54. Nh4 Qe4 55. Qxe4 fxe4 56. Kh3 Bf6 57. Rd7+ Kg8 58. Nf5 Bg5 59. Rd4
Rc2 60. Ra4 Re2 61. Kg4 Kh7 62. Rxa6 Bxe3 63. Nxe3 Rxe3 64. Re6 Kg7 65. Kf5
Rf3+ 66. Kxe4 Rxg3 67. Kf4 Rg2 68. a4 h5 69. Kf3 Rg1 70. Kf2 Rg4 71. a5 h4 72.
a6 h3 73. Re3 Rg2+ 74. Kf1 Ra2 75. Rxh3 Rxa6 76. Ke2 Kf7 77. Kd3 Ke7 78. Kc4
Ra8 79. Rd3 Ke6 80. b4 Rc8+ 81. Kb3 Rb8 82. Rd4 Ke5 83. Kc3 Rc8+ 84. Rc4 Rb8
85. Rc6 Kd5 86. Ra6 Rc8+ 87. Kb3 Rc6 88. Ra7 Rc1 89. Ra6 Rc6 90. Ra8 Kd6 91. b5
Rc1 92. Ra7 Rc7 93. b6 Rc6 94. Ra6 Kc5 95. b7 Rxa6 96. b8=Q Rb6+ 97. Qxb6+ Kxb6
1/2-1/2

[Event "2.BLO 1516 Nickelhütte Aue - SG Leipzi"]
[Site "?"]
[Date "2015.12.12"]
[Round "5.2"]
[White "Prohaszka, Peter"]
[Black "Langrock, Hannes"]
[Result "1/2-1/2"]
[WhiteElo "2607"]
[BlackElo "2405"]
[PlyCount "102"]
[EventDate "2015.??.??"]

1. Nf3 Nf6 2. c4 e6 3. g3 d5 4. d4 Be7 5. Bg2 O-O 6. O-O dxc4 7. Qc2 a6 8. a4
Bd7 9. Qxc4 Bc6 10. Bg5 Bd5 11. Qc2 Be4 12. Qd1 h6 13. Bxf6 Bxf6 14. Nc3 Bxf3
15. Bxf3 c6 16. Qb3 Bxd4 17. Qxb7 Ra7 18. Qb3 Qc7 19. Qc4 c5 20. e3 Bf6 21. Ne4
Bxb2 22. Ra2 Be5 23. Qxc5 f5 24. Qxc7 Rxc7 25. Nd2 Rfc8 26. Be2 a5 27. Bb5 Nc6
28. Rc2 Na7 29. Rxc7 Rxc7 30. Rb1 Rb7 31. Nc4 Bc7 32. Kf1 Kf8 33. Ke2 Ke7 34.
f4 Rb8 35. Kf3 g5 36. h3 Kf6 37. e4 fxe4+ 38. Kxe4 gxf4 39. gxf4 Ke7 40. Ne5
Bxe5 41. fxe5 Nxb5 42. axb5 Kd7 43. Kd4 Kc7 44. Rc1+ Kb6 45. Rc6+ Kxb5 46. Rxe6
a4 47. Kc3 Rc8+ 48. Kb2 Rc6 49. Rf6 Rc5 50. e6 Re5 51. Rxh6 Kb4 1/2-1/2

[Event "2.BLO 1516 Nickelhütte Aue - SG Leipzi"]
[Site "?"]
[Date "2015.12.12"]
[Round "5.3"]
[White "Solberg, Joachim"]
[Black "Meijers, Viesturs"]
[Result "0-1"]
[WhiteElo "2232"]
[BlackElo "2446"]
[PlyCount "74"]
[EventDate "2015.??.??"]

1. e4 e5 2. Nf3 Nf6 3. Nxe5 d6 4. Nf3 Nxe4 5. Nc3 Nxc3 6. dxc3 Be7 7. Be3 Nc6
8. Qd2 Be6 9. O-O-O Qd7 10. Kb1 a6 11. Nd4 Nxd4 12. Bxd4 O-O 13. h4 Rfe8 14.
Be2 c5 15. Be3 Qa4 16. b3 Qa3 17. Bf3 c4 18. Bd4 d5 19. g4 a5 20. Qc1 Qd6 21.
Qe3 b5 22. Qe5 Qxe5 23. Bxe5 Red8 24. Rd2 Rac8 25. g5 b4 26. cxb4 cxb3 27. axb3
Bxb4 28. Re2 a4 29. Rd1 axb3 30. cxb3 Bf5+ 31. Kb2 d4 32. Be4 Bc3+ 33. Kb1 Be6
34. Rb2 Rc5 35. f4 Bxb2 36. Kxb2 Rb5 37. Rd3 Bc4 0-1

[Event "2.BLO 1516 Nickelhütte Aue - SG Leipzi"]
[Site "?"]
[Date "2015.12.12"]
[Round "5.4"]
[White "Slobodjan, Roman"]
[Black "Richter, Leonard"]
[Result "1/2-1/2"]
[WhiteElo "2475"]
[BlackElo "2307"]
[PlyCount "54"]
[EventDate "2015.??.??"]

1. e4 c5 2. Nf3 d6 3. d4 cxd4 4. Nxd4 Nf6 5. Nc3 a6 6. h3 e5 7. Nde2 h5 8. Bg5
Be7 9. Bxf6 Bxf6 10. Ng3 g6 11. Bc4 Be6 12. Qd3 Nc6 13. Nd5 O-O 14. O-O Rc8 15.
c3 Na5 16. Nxf6+ Qxf6 17. Bxe6 Qxe6 18. b3 b5 19. Rad1 Rfd8 20. Rd2 Nb7 21.
Rfd1 Nc5 22. Qe3 Qf6 23. Ne2 Rc6 24. Rd5 Ne6 25. R5d3 Nc5 26. Rd5 Ne6 27. R5d3
Nc5 1/2-1/2

[Event "2.BLO 1516 Nickelhütte Aue - SG Leipzi"]
[Site "?"]
[Date "2015.12.12"]
[Round "5.5"]
[White "Rausch, Stephan"]
[Black "Eichner, Sebastian"]
[Result "1/2-1/2"]
[WhiteElo "2276"]
[BlackElo "2378"]
[PlyCount "80"]
[EventDate "2015.??.??"]

1. d4 d5 2. c4 c6 3. Nc3 Nf6 4. Nf3 dxc4 5. a4 Bf5 6. e3 e6 7. Bxc4 Nbd7 8. O-O
Bd6 9. Re1 Ne4 10. Bd3 Nxc3 11. bxc3 Bxd3 12. Qxd3 O-O 13. e4 e5 14. Nd2 Re8
15. Nc4 Bc7 16. Ba3 exd4 17. cxd4 Ne5 18. Nxe5 Rxe5 19. Rad1 Rh5 20. h3 Bd6 21.
Bc1 Qd7 22. e5 Be7 23. f4 Rd8 24. Kh2 g6 25. Qf3 Qd5 26. Qxd5 Rxd5 27. Be3 Bb4
28. Re2 f5 29. Rb1 a5 30. g3 Kf7 31. Kg2 Ke6 32. h4 h6 33. Kf3 Rd7 34. Bf2 Rf7
35. Be3 Rd7 36. Rc2 Kd5 37. Bf2 Rf7 38. Be3 Rd7 39. Bf2 Rf7 40. Be3 Rd7 1/2-1/2

[Event "2.BLO 1516 Nickelhütte Aue - SG Leipzi"]
[Site "?"]
[Date "2015.12.12"]
[Round "5.6"]
[White "Spiess, Gunter"]
[Black "Schoeneberg, Manfred"]
[Result "1/2-1/2"]
[WhiteElo "2413"]
[BlackElo "2244"]
[PlyCount "36"]
[EventDate "2015.??.??"]

1. Nf3 c5 2. c4 g6 3. d4 cxd4 4. Nxd4 Bg7 5. e4 d6 6. Nc3 Nf6 7. Be2 O-O 8. O-O
Nc6 9. Be3 Bd7 10. Nc2 a5 11. f3 a4 12. Na3 Na5 13. Rc1 Bc6 14. Nxa4 Bxa4 15.
Qxa4 Nd7 16. Qc2 Nc6 17. Rfd1 Qa5 18. Rb1 Nc5 1/2-1/2

[Event "2.BLO 1516 Nickelhütte Aue - SG Leipzi"]
[Site "?"]
[Date "2015.12.12"]
[Round "5.7"]
[White "Schunk, Thomas"]
[Black "Wichmann, Cliff"]
[Result "1/2-1/2"]
[WhiteElo "2197"]
[BlackElo "2337"]
[PlyCount "48"]
[EventDate "2015.??.??"]

1. c4 e6 2. Nf3 d5 3. e3 Nf6 4. Be2 Be7 5. O-O O-O 6. d4 dxc4 7. Bxc4 a6 8. a4
c5 9. dxc5 Bxc5 10. b3 Nc6 11. Bb2 Qe7 12. Ne5 Bd7 13. Nxd7 Nxd7 14. Qe2 Nde5
15. Nd2 Rfd8 16. Ne4 Bb6 17. f4 Nxc4 18. bxc4 e5 19. Ba3 Qh4 20. g3 Qh6 21. c5
Bc7 22. f5 Ne7 23. f6 Nd5 24. Bc1 Qg6 1/2-1/2